| 000 | 00575nam a22001937a 4500 | ||
|---|---|---|---|
| 999 |
_c3736 _d3736 |
||
| 003 | AR-CdUCM | ||
| 008 | 190307b ||||| |||| 00| 0 esp d | ||
| 020 | _aISBN | ||
| 040 |
_aMUNICIPALIDAD PROVINCIAL DEL CUSCO _cBIBLIOTECA MUNICIPAL DEL CUSCO |
||
| 082 |
_a848.9 / _bP49 |
||
| 100 |
_aPeyeret-Chappuis, Cahrles de _912082 |
||
| 245 |
_aFrenesĂ / _cCharles de Pereyret - Chappuis |
||
| 260 |
_aBuenos Aires : _bLosada, _c1938. |
||
| 300 |
_a157 paginas ; _c18 cm. |
||
| 650 |
_aTeatro francés _92444 |
||
| 650 |
_aCiclo XX _912083 |
||
| 942 |
_2ddc _cLIBROS |
||
| 945 | _aacrt | ||